Les Aventures de Tintin - On a marché sur la Lune - Statistiques

Statistiques générales
  • Ce quiz a été pris 624 fois
  • Le résultat moyen est 14 sur 18
Statistiques - réponses
Question Réponse % Correct
Dans quel album ce personnage a-t-il déjà rencontré Tintin ? Le Sceptre d'Ottokar
93%
Le capitaine est sorti de la fusée en plein vol ! Comment s'appelle l'astéroïde vers lequel il est entraîné ? Adonis
89%
Quel est le sort de Wolff à l'issue de cette aventure ? Il se jette dans l'espace
89%
Qui pose le pied sur la Lune le premier ? Tintin
88%
Que découvre Tintin lors de l'exploration d'une grotte ? De la glace
87%
Pourquoi les Dupondt ont-ils embarqué à bord de la fusée ? C'était involontaire de leur part
86%
Complétez la dernière réplique du capitaine Haddock : "On n'est vraiment bien... ...que sur notre bonne vieille terre !"
83%
Quel est le titre du faux livre dans lequel le capitaine a caché du whisky ? Traité d'astronomie
79%
Pourquoi est-il choisi ? En raison de son âge
75%
Outre Milou, combien de personnes sont présentes dans la fusée lunaire à son décollage ? 7
73%
Quel site est choisi pour l'alunissage ? Le cirque Hipparque
73%
Les Dupondt ont une rechute et leurs cheveux poussent soudainement. Le capitaine prend pour ces longs poils pour... des chenilles
71%
Avec quel véhicule nos héros parcourent-ils la Lune ? Un char lunaire
71%
Tintin reconnait le traitre infiltré sur la fusée, qui se fait désormais appeler Jorgen. Mais sous quelle identité Tintin l'a-t-il connu précédemment ? Colonel Boris
70%
Quel est le sort de Jorgen à l'issue de cette aventure ? Il est tué par balle
68%
Qui se réveille le premier après le décollage de la fusée ? Milou
68%
Comment est baptisée la mission visant à infiltrer et voler la fusée ? Mission Ulysse
59%
Quel pays a commandité cette mission ? On ne sait pas
37%
Aucun quiz correspondant
Distribution des résultats
% des personnes avec chaque résultat
Percentile par nombre de réponses
Votre historique - résultats
Vous n’avez pas pris ce quiz